书目信息 |
| 题名: |
开家生意火爆的餐饮酒店
|
|
| 作者: | 邵德春 著 | |
| 分册: | ||
| 出版信息: | 广州 广东旅游出版社 2019.03 |
|
| 页数: | 10, 180页 | |
| 开本: | 23cm | |
| 丛书名: | ||
| 单 册: | ||
| 中图分类: | F719.3 , F719.2 | |
| 科图分类: | ||
| 主题词: | 饮食业--yin shi ye--商业经营 , 饭店--fan dian--商业经营 | |
| 电子资源: | ||
| ISBN: | 978-7-5570-1680-7 | |
| 000 | 01002nam0 2200277 450 | |
| 001 | CAL 0120192723607 | |
| 005 | 20230217093113.0 | |
| 010 | @a978-7-5570-1680-7@dCNY45.00 | |
| 100 | @a20190402d2019 em y0chiy0120 ea | |
| 101 | 0 | @achi |
| 102 | @aCN@b440000 | |
| 105 | @aak z 000yy | |
| 106 | @ar | |
| 200 | 1 | @a开家生意火爆的餐饮酒店@Akai jia sheng yi huo bao de can yin jiu dian@f邵德春著 |
| 210 | @a广州@c广东旅游出版社@d2019.03 | |
| 215 | @a10, 180页@c图@d23cm | |
| 300 | @a“六常法酒店管理系统” | |
| 314 | @a邵德春, 香港理工大学酒店与旅游业管理硕士。 | |
| 330 | @a本书为中国本土餐饮酒店量身打造, 创造性地提出“定位—赢利方式—定标准—执行落地—绩效考核”五位一体的管理系统, 帮助经营者开拓思路, 调整战略, 指导餐饮酒店突破瓶颈, 获得高赢利。 | |
| 606 | 0 | @a饮食业@Ayin shi ye@x商业经营 |
| 606 | 0 | @a饭店@Afan dian@x商业经营 |
| 690 | @aF719.3@v5 | |
| 690 | @aF719.2@v5 | |
| 701 | 0 | @a邵德春@Ashao de chun@4著 |
| 801 | 0 | @aCN@bBJXHZP@c20230228 |
| 905 | @b1395832-5@dF719.3@e1252@f4 | |
| 开家生意火爆的餐饮酒店/邵德春著.-广州:广东旅游出版社,2019.03 |
| 10, 180页:图;23cm |
| “六常法酒店管理系统” |
| ISBN 978-7-5570-1680-7:CNY45.00 |
| 本书为中国本土餐饮酒店量身打造, 创造性地提出“定位—赢利方式—定标准—执行落地—绩效考核”五位一体的管理系统, 帮助经营者开拓思路, 调整战略, 指导餐饮酒店突破瓶颈, 获得高赢利。 |
| ● |
| 相关链接 |
|
|
|
|
正题名:开家生意火爆的餐饮酒店
索取号:F719.3/1252
 
预约/预借
| 序号 | 登录号 | 条形码 | 馆藏地/架位号 | 状态 | 备注 |
| 1 | 1395832 | 213958323 | 第一样本阅览室/ [索取号:F719.3/1252] | 在馆 | |
| 2 | 1395833 | 213958332 | 第一借阅区/ [索取号:F719.3/1252] | 在馆 | |
| 3 | 1395834 | 213958341 | 第一借阅区/ [索取号:F719.3/1252] | 在馆 | |
| 4 | 1395835 | 213958350 | 第一借阅区/ [索取号:F719.3/1252] | 在馆 |